Socio-economic indicators in integrated coastal zone and community-based fisheries management : (Record no. 16104)

000 -LEADER
fixed length control field 01417cam a2200277Ia 4500
020 ## - INTERNATIONAL STANDARD BOOK NUMBER
ISBN 925105567X
020 ## - INTERNATIONAL STANDARD BOOK NUMBER
ISBN 9789251055670
040 ## - CATALOGING SOURCE
Transcribing agency FQG
082 ## - DEWEY DECIMAL CLASSIFICATION NUMBER
Classification number 639 FOO 2006 A2006 Or.
245 00 - TITLE STATEMENT
Title Socio-economic indicators in integrated coastal zone and community-based fisheries management :
Remainder of title case studies from the Caribbean /
260 ## - PUBLICATION, DISTRIBUTION, ETC. (IMPRINT)
Place of publication Rome :
Name of publisher Food and Agriculture Organization of the United Nations,
Year of publication 2006
300 ## - PHYSICAL DESCRIPTION
Number of Pages xii, 208 p. :
Other physical details ill. (some col.) ;
Dimensions 30 cm
490 1# - SERIES STATEMENT
Series statement FAO fisheries technical paper,
500 ## - GENERAL NOTE
General note "TR/M/A0690E/1/9.09/1600"--P. [4] of cover
520 ## - SUMMARY, ETC.
Summary, etc This publication consist of case studies describing how socio-economic and demographic concerns are addressed in integrated coastal zone and community-based fisheries management in Belize, Dominica, Jamaica, Saint Lucia, Trinidad and Tobago and the Turks and Caicos Islands. The results of a comparative study in Malaysia and the Philippines are also reported, including the results of a regional workshop (held 13-17 June 2005) organized to review the findings of the case and comparative study
650 #0 - SUBJECT ADDED ENTRY--TOPICAL TERM
Topical Term Fishery management
650 #0 - SUBJECT ADDED ENTRY--TOPICAL TERM
Topical Term Coastal zone management
650 #0 - SUBJECT ADDED ENTRY--TOPICAL TERM
Topical Term Fisheries
650 #0 - SUBJECT ADDED ENTRY--TOPICAL TERM
Topical Term Fisheries
650 #0 - SUBJECT ADDED ENTRY--TOPICAL TERM
Topical Term Fisheries
700 1# - ADDED ENTRY--PERSONAL NAME
Personal name Tietze, Uwe,
700 1# - ADDED ENTRY--PERSONAL NAME
Personal name Haughton, Milton
700 1# - ADDED ENTRY--PERSONAL NAME
Personal name Siar, Susana V
710 2# - ADDED ENTRY--CORPORATE NAME
Corporate name or jurisdiction name as entry element Food and Agriculture Organization of the United Nations
942 ## - ADDED ENTRY ELEMENTS (KOHA)
Koha item type សៀវភៅភាសាអង់គ្លេស
952 ## - LOCATION AND ITEM INFORMATION (KOHA)
Withdrawn status [LOCAL, KOHA] 0
Holdings
Permanent Location Date acquired Koha item type Lost status Shelving location Barcode Current Location Full call number
Library Block A2018-01-10សៀវភៅភាសាអង់គ្លេស A083RUA059955Library Block A639 FOO 2006 A083 Or.
មជ្ឈមណ្ឌលឯការនៃសាកលវិទ្យាល័យភូមិន្ទកសិកម្មចំការដូង

Powered by Koha